[Event "ESCC 2014 - 65+ Rapid"]
[Site "Porto POR"]
[Date "2014.03.20"]
[Round "6.12"]
[White "Birkestrand, Odd"]
[Black "Santos, Júlio"]
[Result "1/2-1/2"]
[WhiteElo "1875"]
[BlackElo "1981"]
[PlyCount "106"]
[EventDate "2014.??.??"]

1. e4 e5 2. Nf3 Nc6 3. Bc4 d6 4. d4 exd4 5. Nxd4 Nxd4 6. Qxd4 Qf6 7. Be3 Qxd4
8. Bxd4 Ne7 9. Nc3 c6 10. O-O Be6 11. Bxe6 fxe6 12. Rad1 d5 13. Rfe1 Kf7 14.
Re3 h6 15. Rf3+ Kg8 16. Re1 Ng6 17. exd5 exd5 18. Re6 Nh4 19. Rf4 g5 20. Rxh4
gxh4 21. Bxh8 Kxh8 22. Ne2 Kg7 23. Nf4 Kf7 24. Re2 Bd6 25. Nd3 a5 26. c3 b5 27.
Ne5+ Bxe5 28. Rxe5 Kf6 29. Rh5 Kg6 30. Rxh4 c5 31. Kf1 b4 32. Rg4+ Kf5 33. Rg7
bxc3 34. bxc3 Rb8 35. g4+ Ke4 36. Ra7 Kf3 37. Ke1 Rb1+ 38. Kd2 Rb2+ 39. Kd3
Rxa2 40. Rc7 c4+ 41. Kd4 Rd2+ 42. Ke5 Rd3 43. Ra7 Rxc3 44. Kxd5 Kxg4 45. Rxa5
h5 46. Rc5 Kh3 47. Rxc4 Rxc4 48. Kxc4 Kxh2 49. f4 Kg3 50. f5 h4 51. f6 h3 52.
f7 h2 53. f8=Q h1=Q 1/2-1/2

[Event "ESCC 2014 - 65+ Rapid"]
[Site "Porto POR"]
[Date "2014.03.20"]
[Round "6.14"]
[White "Marcelino, José"]
[Black "Santos, Amadeu Solha"]
[Result "0-1"]
[WhiteElo "1374"]
[BlackElo "1614"]
[PlyCount "54"]
[EventDate "2014.??.??"]

1. c4 e5 2. Nc3 Bc5 3. e3 d6 4. a3 a6 5. Be2 Nf6 6. Bf3 Nc6 7. Nge2 Bg4 8. Ng3
Qd7 9. Nce4 Nxe4 10. Nxe4 f5 11. Bxg4 fxg4 12. Nxc5 dxc5 13. O-O h5 14. f4 exf4
15. Rxf4 O-O-O 16. g3 Ne5 17. Qc2 Rhf8 18. Qe4 Nf3+ 19. Kg2 Nxd2 20. Qc2 Qc6+
21. e4 Rxf4 22. gxf4 Nxe4 23. Kg1 Nf2 24. Qf5+ Kb8 25. Be3 Nh3+ 26. Kf1 Qf3+
27. Ke1 Qxe3+ 0-1

[Event "ESCC 2014 - 65+ Rapid"]
[Site "Porto POR"]
[Date "2014.03.20"]
[Round "7.1"]
[White "Suba, Mihai"]
[Black "Beznosikov, Vladimir"]
[Result "1/2-1/2"]
[WhiteElo "2379"]
[BlackElo "2356"]
[PlyCount "92"]
[EventDate "2014.??.??"]

1. c4 Nf6 2. Nc3 d5 3. cxd5 Nxd5 4. Nf3 g6 5. e4 Nxc3 6. dxc3 Qxd1+ 7. Kxd1 Nc6
8. Be3 Bg4 9. Be2 O-O-O+ 10. Nd2 Bxe2+ 11. Kxe2 e5 12. a4 f5 13. f3 f4 14. Bf2
a5 15. Nc4 Be7 16. Rad1 b6 17. Rd5 Bf6 18. Rhd1 Ne7 19. Rxd8+ Rxd8 20. Rxd8+
Kxd8 21. b4 axb4 22. cxb4 Kc8 23. b5 Kd7 24. Be1 Nc8 25. Bb4 c6 26. Kd3 cxb5
27. axb5 Ke6 28. Kc3 h5 29. Kb3 g5 30. h3 Bd8 31. Be1 Nd6 32. Nxd6 Kxd6 33. Kc4
Ke6 34. Bb4 Bc7 35. Ba3 Bd8 36. Bf8 Bc7 37. Bb4 Bd8 38. Be1 Bc7 39. h4 Bd8 40.
hxg5 Bxg5 41. Bb4 Bd8 42. Be1 Kd6 43. Bf2 Ke6 44. Kd3 Kd6 45. Kc4 Ke6 46. Bg1
Kd6 1/2-1/2

[Event "ESCC 2014 - 65+ Rapid"]
[Site "Porto POR"]
[Date "2014.03.20"]
[Round "7.2"]
[White "Butnorius, Algimantas"]
[Black "Schouten, Nico"]
[Result "1-0"]
[WhiteElo "2340"]
[BlackElo "2179"]
[PlyCount "59"]
[EventDate "2014.??.??"]

1. d4 Nf6 2. Nf3 g6 3. c4 Bg7 4. g3 O-O 5. Bg2 c5 6. O-O Na6 7. Nc3 d6 8. b3
Bd7 9. Bb2 Rb8 10. e4 b5 11. cxb5 Bxb5 12. Nxb5 Rxb5 13. Qe2 Qd7 14. Rfd1 Rfb8
15. e5 Ne8 16. exd6 exd6 17. dxc5 Nxc5 18. Bxg7 Nxg7 19. Nd4 R5b6 20. Rac1 a5
21. Bd5 Nf5 22. Qf3 Nxd4 23. Rxd4 Rb4 24. Bc4 Qe7 25. Rcd1 R4b6 26. Qf4 Rd8 27.
h4 Ne6 28. Qe3 Qf6 29. Bxe6 Qxe6 30. Re4 1-0

[Event "ESCC 2014 - 65+ Rapid"]
[Site "Porto POR"]
[Date "2014.03.20"]
[Round "7.3"]
[White "Gorshkov, Yury S"]
[Black "Gaprindashvili, Nona"]
[Result "1/2-1/2"]
[WhiteElo "2320"]
[BlackElo "2244"]
[PlyCount "72"]
[EventDate "2014.??.??"]

1. Nf3 g6 2. c4 d6 3. d4 Nd7 4. Nc3 Bg7 5. e4 e5 6. Be2 f6 7. O-O Nh6 8. dxe5
dxe5 9. h3 c6 10. Be3 O-O 11. c5 Qe7 12. b4 Re8 13. Qb3+ Kh8 14. Rfd1 Nf8 15.
Bc4 Be6 16. a4 Bxc4 17. Qxc4 Nf7 18. Rd2 f5 19. Rdd1 f4 20. Bc1 Rad8 21. Ba3
Qe6 22. Qa2 Qxa2 23. Nxa2 Ne6 24. b5 Bf8 25. Rxd8 Rxd8 26. bxc6 bxc6 27. Nb4
Rc8 28. Nd3 Bg7 29. Bb2 Kg8 30. Nfxe5 Nxe5 31. Bxe5 Bxe5 32. Nxe5 Nxc5 33. Rc1
Nxa4 34. Nxc6 Rc7 35. Ra1 Nc5 36. Nxa7 Nxe4 1/2-1/2

[Event "ESCC 2014 - 65+ Rapid"]
[Site "Porto POR"]
[Date "2014.03.20"]
[Round "7.4"]
[White "Gruzmann, Boris"]
[Black "Grinberg, Iosif P"]
[Result "1/2-1/2"]
[WhiteElo "2159"]
[BlackElo "2161"]
[PlyCount "35"]
[EventDate "2014.??.??"]

1. e4 e5 2. Nf3 Nc6 3. Bb5 a6 4. Ba4 Nf6 5. O-O Be7 6. Re1 b5 7. Bb3 d6 8. c3
O-O 9. d4 Na5 10. dxe5 dxe5 11. Qxd8 Rxd8 12. Nxe5 Nxb3 13. axb3 Bb7 14. f3 Bd6
15. Nd3 Bxh2+ 16. Kxh2 Rxd3 17. Bf4 Rc8 18. Kg1 1/2-1/2

[Event "ESCC 2014 - 65+ Rapid"]
[Site "Porto POR"]
[Date "2014.03.20"]
[Round "7.5"]
[White "Boysan, Hasan Ferit"]
[Black "Tseitlin, Mark D"]
[Result "1-0"]
[WhiteElo "1969"]
[BlackElo "2353"]
[PlyCount "127"]
[EventDate "2014.??.??"]

1. Nf3 c5 2. g3 Nc6 3. Bg2 g6 4. O-O Bg7 5. d3 d5 6. Nbd2 e5 7. e4 Nge7 8. exd5
Nxd5 9. Re1 O-O 10. Nc4 Re8 11. a4 b6 12. Nfd2 Bb7 13. Ne4 Bf8 14. Bg5 f6 15.
Bd2 Kg7 16. Qc1 Kh8 17. h4 Nd4 18. Qd1 Qd7 19. c3 Nf5 20. Qe2 Rad8 21. Red1 Ba8
22. Bc1 Qf7 23. Qc2 h6 24. Re1 Kh7 25. Bd2 Ng7 26. f3 f5 27. Nf2 Qc7 28. Re2
Nh5 29. Nh1 Bg7 30. Rae1 Re7 31. Bc1 Rde8 32. Qd2 Bc6 33. Qc2 Qd7 34. b3 Nxc3
35. Qxc3 e4 36. Qd2 exf3 37. Rxe7 fxg2 38. Qxh6+ Kg8 39. Rxe8+ Qxe8 40. Rxe8+
Kf7 41. Nf2 Bxh6 42. Rc8 Bf3 43. Ne5+ Ke6 44. Nxf3 Bxc1 45. Kxg2 Nf6 46. Ra8 a5
47. Ng5+ Kd5 48. Rd8+ Kc6 49. Nfh3 Nd5 50. Nf4 Bxf4 51. Ne6 Be5 52. Rg8 Ne7 53.
Rf8 Kd7 54. Nf4 Bxf4 55. gxf4 Nc6 56. Rg8 Ne7 57. Ra8 Nd5 58. Kf3 Nb4 59. Rg8
Nxd3 60. Rxg6 Kc7 61. h5 Nc1 62. h6 Nxb3 63. h7 Nd4+ 64. Kf2 1-0

[Event "ESCC 2014 - 65+ Rapid"]
[Site "Porto POR"]
[Date "2014.03.20"]
[Round "7.6"]
[White "Kozlovskaya, Valentina"]
[Black "Malachi, Avraham"]
[Result "0-1"]
[WhiteElo "2155"]
[BlackElo "2097"]
[PlyCount "99"]
[EventDate "2014.??.??"]

1. d4 Nf6 2. c4 g6 3. Nc3 Bg7 4. e4 d6 5. Nf3 O-O 6. h3 c5 7. Be3 Qa5 8. Qd2
cxd4 9. Nxd4 Nc6 10. Nb3 Qb4 11. f4 Be6 12. Be2 Bxc4 13. O-O Bxe2 14. Qxe2 Nxe4
15. Nd5 Qa4 16. Kh2 e6 17. Nc7 Rac8 18. Nb5 a6 19. Na3 d5 20. Nc5 Nxc5 21. Bxc5
Nd4 22. Bxd4 Qxd4 23. Rab1 Qe4 24. Qd2 Qd4 25. Qe2 b5 26. Nc2 Qe4 27. Qxe4 dxe4
28. Ne3 Rfd8 29. b3 f5 30. Rfd1 Rd3 31. Rxd3 exd3 32. Rd1 Rd8 33. Kg3 e5 34.
fxe5 Bxe5+ 35. Kf3 Kf7 36. g4 Ke6 37. Ng2 Rd4 38. gxf5+ gxf5 39. Rd2 a5 40. Ne1
Rh4 41. Nxd3 Rxh3+ 42. Ke2 Rh2+ 43. Kd1 Rxd2+ 44. Kxd2 Kd5 45. Ke3 h5 46. a4
bxa4 47. bxa4 h4 48. Kf3 h3 49. Nc1 Kc4 50. Ne2 0-1

[Event "ESCC 2014 - 65+ Rapid"]
[Site "Porto POR"]
[Date "2014.03.20"]
[Round "7.7"]
[White "Khmiadashvili, Tamar"]
[Black "Gundersen, Helge"]
[Result "0-1"]
[WhiteElo "2026"]
[BlackElo "2162"]
[PlyCount "126"]
[EventDate "2014.??.??"]

1. Nf3 e6 2. b3 f5 3. Bb2 Nf6 4. g3 Be7 5. Bg2 O-O 6. O-O d6 7. d3 e5 8. c4 Qe8
9. Ne1 a5 10. Nc3 c6 11. e3 Na6 12. d4 e4 13. f3 d5 14. Qe2 Nc7 15. a4 c5 16.
Nc2 Be6 17. Nb5 Qc6 18. dxc5 Bxc5 19. Ncd4 Bxd4 20. Nxd4 Qd7 21. Ba3 Rfe8 22.
Rfd1 Qf7 23. fxe4 fxe4 24. Nxe6 Qxe6 25. Bc5 Rad8 26. Bd4 dxc4 27. bxc4 Qc6 28.
Rf1 Rf8 29. Bh3 Rde8 30. Qa2 Ne6 31. Bxe6+ Qxe6 32. Rab1 Rf7 33. Rb6 Qh3 34.
Qg2 Qxg2+ 35. Kxg2 Rc8 36. c5 Nd5 37. Rxf7 Kxf7 38. Rxb7+ Rc7 39. Rb5 Ke6 40.
Rxa5 Nb4 41. Rb5 Nc6 42. Kf2 Kd5 43. Bc3 Ra7 44. Rb2 g6 45. Rd2+ Kc4 46. Bd4
Rxa4 47. g4 Ra7 48. g5 Rf7+ 49. Ke2 Rf3 50. Kd1 Rf1+ 51. Kc2 Nb4+ 52. Kb2 Nd3+
53. Ka3 Nb4 54. Ka4 Rf7 55. Ka5 Rb7 56. c6 Nxc6+ 57. Ka6 Rb3 58. Rc2+ Kd5 59.
Rc5+ Kd6 60. Rc2 Nb4+ 61. Kb5 Nxc2+ 62. Kc4 Nxd4 63. exd4 e3 0-1

[Event "ESCC 2014 - 65+ Rapid"]
[Site "Porto POR"]
[Date "2014.03.20"]
[Round "7.8"]
[White "Sevenyuk, Alexey"]
[Black "Grabow, Pouelsten Holm"]
[Result "0-1"]
[WhiteElo "1918"]
[BlackElo "2095"]
[PlyCount "101"]
[EventDate "2014.??.??"]

1. e4 e6 2. d4 d5 3. Nd2 c5 4. exd5 Qxd5 5. dxc5 Bxc5 6. Ngf3 Nf6 7. Bc4 Qd8 8.
O-O O-O 9. Nb3 Be7 10. Bf4 Bd7 11. Ne5 Bc6 12. Nxc6 Nxc6 13. Bb5 Qb6 14. Bxc6
Qxc6 15. c3 Rfd8 16. Qe2 Rd7 17. Nd4 Qe4 18. Qxe4 Nxe4 19. Rfe1 Nc5 20. Nb3 Nd3
21. Red1 Rad8 22. Be3 b6 23. Rdb1 Nxb2 24. Nd4 Nc4 25. Nc6 Rc8 26. Nxe7+ Rxe7
27. Rc1 Nxe3 28. fxe3 Rec7 29. Rd1 Rxc3 30. Rd7 R3c7 31. Rxc7 Rxc7 32. Kf2 f6
33. a4 Kf7 34. a5 b5 35. a6 Rc6 36. Rb1 Rb6 37. Kf3 Ke7 38. Ke4 b4 39. Kd3 b3
40. g3 Kd6 41. h4 Kd5 42. Kc3 Ke4 43. Rxb3 Rxb3+ 44. Kxb3 Kxe3 45. Kb4 Kd4 46.
Kb5 e5 47. Kc6 e4 48. Kb7 e3 49. Kxa7 e2 50. Kb7 e1=Q 51. a7 0-1

[Event "ESCC 2014 - 65+ Rapid"]
[Site "Porto POR"]
[Date "2014.03.20"]
[Round "7.9"]
[White "Birkestrand, Odd"]
[Black "Zhelesny, Stanislav"]
[Result "0-1"]
[WhiteElo "1875"]
[BlackElo "2171"]
[PlyCount "88"]
[EventDate "2014.??.??"]

1. e4 c6 2. d4 d5 3. e5 Bf5 4. Nf3 e6 5. a3 Nd7 6. c4 dxc4 7. Bxc4 Nb6 8. Be2
Bg6 9. O-O Ne7 10. Nc3 Ned5 11. Bd2 Be7 12. Rc1 O-O 13. h3 Rc8 14. Re1 Re8 15.
Nh2 f6 16. Nxd5 Nxd5 17. f4 f5 18. Bc4 Qb6 19. Bxd5 Qxd4+ 20. Be3 Qxd5 21. Qxd5
exd5 22. Bxa7 c5 23. Bb6 Rc6 24. Ba5 Bh4 25. Red1 d4 26. Be1 Be7 27. Nf3 Bf7
28. Bh4 Bb3 29. Rd2 Bf8 30. Bf2 Bd5 31. Ne1 Be4 32. Kh2 Kf7 33. Bg3 Rd8 34. Nd3
Bxd3 35. Rxd3 c4 36. Rdd1 d3 37. Rd2 Rd4 38. Re1 Ke6 39. Kg1 b5 40. Kf2 Re4 41.
Rc1 Bc5+ 42. Kf1 Be3 43. Rcd1 Bxd2 44. Rxd2 Rd4 0-1

[Event "ESCC 2014 - 65+ Rapid"]
[Site "Porto POR"]
[Date "2014.03.20"]
[Round "7.10"]
[White "Sasu-Ducsoara, Adrian-Florian"]
[Black "Hutchinson, Norman A"]
[Result "0-1"]
[WhiteElo "2170"]
[BlackElo "2100"]
[PlyCount "37"]
[EventDate "2014.??.??"]

1. e4 c6 2. c4 d5 3. cxd5 cxd5 4. exd5 Nf6 5. Bb5+ Nbd7 6. Nc3 a6 7. Ba4 b5 8.
Bb3 Bb7 9. Nf3 b4 10. Na4 Nxd5 11. d4 e6 12. O-O Bd6 13. Bg5 Qb8 14. Ne5 Bxe5
15. dxe5 Qxe5 16. Qd2 h6 17. Bh4 Qe4 18. Rfe1 Qxh4 19. Bxd5 0-1

[Event "ESCC 2014 - 65+ Rapid"]
[Site "Porto POR"]
[Date "2014.03.20"]
[Round "7.11"]
[White "Alves, Fernando"]
[Black "Tsifanskaya, Ludmila A"]
[Result "0-1"]
[WhiteElo "1802"]
[BlackElo "2106"]
[PlyCount "90"]
[EventDate "2014.??.??"]

1. e4 c5 2. Nf3 Nc6 3. d4 cxd4 4. Nxd4 Qb6 5. Nb3 Nf6 6. Nc3 e6 7. Be3 Qc7 8.
a3 a6 9. Be2 d6 10. Qd2 b5 11. g4 Bb7 12. Rg1 Be7 13. g5 Nd7 14. f4 g6 15. h4
h6 16. h5 hxg5 17. fxg5 gxh5 18. g6 fxg6 19. Rxg6 O-O-O 20. O-O-O Nc5 21. Rg7
Nxb3+ 22. cxb3 b4 23. axb4 Nxb4 24. Kb1 Rdg8 25. Rdg1 Rxg7 26. Rxg7 Qa5 27. Na4
Bxe4+ 28. Ka1 Nc2+ 29. Ka2 Qxd2 30. Bxd2 Rh7 31. Bxa6+ Kb8 32. Rg8+ Ka7 33. Be2
h4 34. Nc3 Nb4+ 35. Ka3 d5 36. Nb5+ Kb7 37. Bxb4 Bxb4+ 38. Kxb4 h3 39. Nd6+ Kc7
40. Ne8+ Kb6 41. Nd6 h2 42. Rb8+ Ka7 43. Rb5 h1=Q 44. Nc8+ Ka8 45. Nb6+ Kb8 0-1

[Event "ESCC 2014 - 65+ Rapid"]
[Site "Porto POR"]
[Date "2014.03.20"]
[Round "7.12"]
[White "Brandão, Álvaro"]
[Black "Kabanova, Irina"]
[Result "1-0"]
[WhiteElo "1601"]
[BlackElo "1966"]
[PlyCount "66"]
[EventDate "2014.??.??"]

1. Nf3 Nf6 2. b3 d5 3. Bb2 e6 4. e3 Be7 5. d3 c5 6. Nbd2 O-O 7. g3 Nc6 8. a4
Qc7 9. Bg2 b6 10. O-O Bb7 11. h3 Rad8 12. Re1 e5 13. d4 e4 14. Nh2 Bc8 15. Ndf1
Bd6 16. dxc5 Be5 17. cxb6 axb6 18. c3 Ba6 19. Ng4 Nxg4 20. Qxg4 f5 21. Qd1 Rf6
22. Qd2 Rg6 23. b4 Bc4 24. a5 bxa5 25. bxa5 Nxa5 26. Ra3 Rb8 27. Rea1 Ra6 28.
Qc2 Rba8 29. Nd2 Bd3 30. Qa4 Bd6 31. Qd4 Qc6 32. c4 Bxa3 33. Qxe4 fxe4 1-0

[Event "ESCC 2014 - 65+ Rapid"]
[Site "Porto POR"]
[Date "2014.03.20"]
[Round "7.14"]
[White "Santos, Júlio"]
[Black "Marcelino, José"]
[Result "1-0"]
[WhiteElo "1981"]
[BlackElo "1374"]
[PlyCount "67"]
[EventDate "2014.??.??"]

1. e4 c5 2. Nf3 Nc6 3. d4 cxd4 4. Nxd4 d6 5. c4 Bd7 6. Nc3 e6 7. Be2 Be7 8. O-O
Nf6 9. Kh1 O-O 10. Bg5 Nxd4 11. Qxd4 e5 12. Qd3 Be6 13. f4 exf4 14. Bxf4 Ne8
15. Rae1 f5 16. Qh3 Qd7 17. e5 dxe5 18. Bxe5 Bd6 19. Rd1 f4 20. Qh5 Rf5 21. Qf3
Rxe5 22. c5 Re3 23. Qf2 Rxc3 24. bxc3 Qc7 25. cxd6 Nxd6 26. Qxf4 Rd8 27. Rd4
Bxa2 28. Rfd1 Bb3 29. R1d2 Qc5 30. Rxd6 Rxd6 31. Qxd6 Qxc3 32. h3 Qa1+ 33. Rd1
Bxd1 34. Bc4+ 1-0

[Event "ESCC 2014 - 65+ Rapid"]
[Site "Porto POR"]
[Date "2014.03.20"]
[Round "8.1"]
[White "Suba, Mihai"]
[Black "Gruzmann, Boris"]
[Result "1-0"]
[WhiteElo "2225"]
[BlackElo "2159"]
[PlyCount "111"]
[EventDate "2014.??.??"]

1. c4 g6 2. e4 d6 3. d4 Nf6 4. Nc3 Bg7 5. h3 c5 6. d5 b5 7. cxb5 a6 8. Nf3 O-O
9. Bd2 axb5 10. Bxb5 Na6 11. O-O Rb8 12. a4 Nb4 13. Re1 Nd7 14. Bf4 f6 15. Bg3
Ne5 16. Nh2 Qc7 17. f4 Nf7 18. Nf3 Bd7 19. Kh2 Rfc8 20. Qe2 Bxb5 21. axb5 Ra8
22. Ra3 Qb7 23. Rd1 Qb8 24. e5 fxe5 25. fxe5 dxe5 26. Rxa8 Qxa8 27. Nxe5 Nxe5
28. Bxe5 Bxe5+ 29. Qxe5 Qb8 30. Qxb8 Rxb8 31. Ra1 Nc2 32. Ra7 Kf8 33. Rc7 Nd4
34. Rxc5 Ke8 35. Rc4 Nf5 36. Rb4 Kd7 37. b6 Nd6 38. Na4 Rc8 39. b7 Rb8 40. Nc5+
Ke8 41. g4 g5 42. Kg2 Kf7 43. Kf3 Kg6 44. Ke3 h5 45. Kd4 hxg4 46. hxg4 Kf7 47.
Ke5 Ke8 48. Ke6 Kd8 49. Rb3 Ke8 50. Rh3 Nf7 51. Kf5 Rd8 52. Kg6 Rd6+ 53. Kg7
Rb6 54. Rf3 Rxb2 55. Rxf7 Kd8 56. Rf8+ 1-0

[Event "ESCC 2014 - 65+ Rapid"]
[Site "Porto POR"]
[Date "2014.03.20"]
[Round "8.2"]
[White "Butnorius, Algimantas"]
[Black "Boysan, Hasan Ferit"]
[Result "1-0"]
[WhiteElo "2340"]
[BlackElo "1969"]
[PlyCount "57"]
[EventDate "2014.??.??"]

1. d4 Nf6 2. Nf3 g6 3. c4 Bg7 4. Nc3 d6 5. e4 Bg4 6. Be2 O-O 7. Be3 Nfd7 8. Rc1
Nc6 9. d5 Bxf3 10. Bxf3 Na5 11. Be2 c5 12. O-O b6 13. Qd2 a6 14. b3 Nb7 15. f4
e6 16. Bf3 Rb8 17. Rcd1 exd5 18. Nxd5 b5 19. Qc2 bxc4 20. Qxc4 Nb6 21. Nxb6
Qxb6 22. Rd5 Qb5 23. Be2 Qxc4 24. Bxc4 Rfe8 25. e5 dxe5 26. Rd7 Nd8 27. fxe5
Rxe5 28. Bf4 Rf5 29. Bxb8 1-0

[Event "ESCC 2014 - 65+ Rapid"]
[Site "Porto POR"]
[Date "2014.03.20"]
[Round "8.3"]
[White "Gaprindashvili, Nona"]
[Black "Malachi, Avraham"]
[Result "1/2-1/2"]
[WhiteElo "2244"]
[BlackElo "2097"]
[PlyCount "42"]
[EventDate "2014.??.??"]

1. d4 Nf6 2. c4 g6 3. Nc3 Bg7 4. Nf3 O-O 5. g3 d5 6. cxd5 Nxd5 7. Bg2 c5 8. e4
Nxc3 9. bxc3 Nc6 10. Be3 Bg4 11. e5 cxd4 12. cxd4 Qa5+ 13. Qd2 Qxd2+ 14. Nxd2
Rfd8 15. Nb3 Be6 16. O-O Bxb3 17. axb3 Nxd4 18. Bxb7 Rab8 19. Bxd4 Rxd4 20. Bg2
Bxe5 21. Rxa7 Bd6 1/2-1/2

[Event "ESCC 2014 - 65+ Rapid"]
[Site "Porto POR"]
[Date "2014.03.20"]
[Round "8.4"]
[White "Beznosikov, Vladimir"]
[Black "Grinberg, Iosif P"]
[Result "1-0"]
[WhiteElo "2356"]
[BlackElo "2161"]
[PlyCount "43"]
[EventDate "2014.??.??"]

1. e4 e5 2. Nf3 Nc6 3. Bc4 Bc5 4. b4 Bxb4 5. c3 Be7 6. d4 d6 7. Qb3 Na5 8.
Bxf7+ Kf8 9. Qa4 Kxf7 10. Qxa5 exd4 11. cxd4 h6 12. O-O b6 13. Qa4 Bd7 14. Qc2
Bg4 15. Nbd2 Nf6 16. h3 Be6 17. d5 Bc8 18. Nb3 Re8 19. Bb2 Nd7 20. Nbd4 Nc5 21.
Nc6 Qd7 22. e5 1-0

[Event "ESCC 2014 - 65+ Rapid"]
[Site "Porto POR"]
[Date "2014.03.20"]
[Round "8.5"]
[White "Zhelesny, Stanislav"]
[Black "Gorshkov, Yury S"]
[Result "0-1"]
[WhiteElo "2171"]
[BlackElo "2320"]
[PlyCount "110"]
[EventDate "2014.??.??"]

1. d4 Nf6 2. Nf3 g6 3. g3 Bg7 4. Bg2 O-O 5. c4 d6 6. O-O Nbd7 7. Nc3 e5 8. dxe5
dxe5 9. Bg5 c6 10. Qd2 Re8 11. Rad1 Qe7 12. Ne1 Nc5 13. Nc2 Be6 14. b4 Ncd7 15.
c5 a5 16. a3 axb4 17. axb4 Qf8 18. Ra1 h6 19. Be3 Ng4 20. Rfd1 Ndf6 21. Rxa8
Rxa8 22. b5 Nxe3 23. Qxe3 Ng4 24. Qd3 Qxc5 25. Ne4 Qxb5 26. Qxb5 cxb5 27. Nb4
Ra4 28. Nd3 Rd4 29. Rc1 b6 30. Nd2 Bc4 31. Nf3 Rd8 32. h3 e4 33. hxg4 exd3 34.
exd3 Rxd3 35. g5 h5 36. Ne1 Rd2 37. Nf3 Ra2 38. Rd1 Kh7 39. Rd7 b4 40. Nd2 Be6
41. Rd6 Be5 42. Rd8 b3 43. Be4 b2 44. Nb1 Ra1 45. Rd1 Bb3 46. Rf1 b5 47. Kg2
Bc4 48. Rd1 Kg7 49. Kf3 b4 50. Kg2 Bc3 51. Bc2 Be6 52. Kf1 Bg4 53. Rd8 Bf3 54.
Rd7 Bg4 55. Kg2 Bf5 0-1

[Event "ESCC 2014 - 65+ Rapid"]
[Site "Porto POR"]
[Date "2014.03.20"]
[Round "8.6"]
[White "Schouten, Nico"]
[Black "Gundersen, Helge"]
[Result "1/2-1/2"]
[WhiteElo "2179"]
[BlackElo "2162"]
[PlyCount "112"]
[EventDate "2014.??.??"]

1. d4 e6 2. c4 f5 3. Nc3 Nf6 4. Nf3 Bb4 5. Bd2 O-O 6. e3 b6 7. Be2 Bb7 8. O-O
a5 9. Rc1 Bxc3 10. Bxc3 Ne4 11. Ne1 d6 12. f3 Nxc3 13. Rxc3 Nd7 14. Nd3 e5 15.
c5 exd4 16. exd4 Bd5 17. cxd6 cxd6 18. Nf4 Bf7 19. Bc4 Bxc4 20. Rxc4 Rc8 21.
Qb3 Rxc4 22. Qxc4+ Kh8 23. Ne6 Qc8 24. Rc1 Qxc4 25. Rxc4 Re8 26. Rc7 g6 27.
Rxd7 Rxe6 28. Kf2 f4 29. d5 Re3 30. Rxd6 Rd3 31. Ke2 Rd4 32. Rxb6 Rxd5 33. b4
axb4 34. Rxb4 Rg5 35. Kf2 Rc5 36. Rb2 Ra5 37. g4 Kg7 38. Ke1 Ra3 39. Rf2 Kf6
40. h4 Ke5 41. Re2+ Kd4 42. g5 Rxf3 43. Re7 Ra3 44. Kf2 Rxa2+ 45. Kf3 Rh2 46.
Re4+ Kd5 47. Rxf4 Ke6 48. Kg3 Rd2 49. Ra4 Rd7 50. Kg4 Ke5 51. h5 Rd4+ 52. Rxd4
Kxd4 53. hxg6 hxg6 54. Kf4 Kd5 55. Kf3 Ke5 56. Ke3 Kf5 1/2-1/2

[Event "ESCC 2014 - 65+ Rapid"]
[Site "Porto POR"]
[Date "2014.03.20"]
[Round "8.7"]
[White "Grabow, Pouelsten Holm"]
[Black "Hutchinson, Norman A"]
[Result "1/2-1/2"]
[WhiteElo "2095"]
[BlackElo "2100"]
[PlyCount "91"]
[EventDate "2014.??.??"]

1. c4 Nf6 2. Nf3 e6 3. e3 c5 4. Nc3 d5 5. cxd5 Nxd5 6. Be2 Nc6 7. O-O Be7 8. b3
O-O 9. Nxd5 Qxd5 10. Bb2 e5 11. Bc4 Qd6 12. d4 e4 13. Nd2 Bf5 14. dxc5 Qxc5 15.
Rc1 Qa5 16. Bc3 Bb4 17. Nb1 Bxc3 18. Nxc3 Ne5 19. Qd5 Nxc4 20. bxc4 Qxd5 21.
Nxd5 Be6 22. Nc7 Rac8 23. Nxe6 fxe6 24. Rfd1 Rfd8 25. Rd4 Rxd4 26. exd4 Rd8 27.
Rd1 Rc8 28. Rc1 Rd8 29. Rd1 Rc8 30. c5 Kf7 31. Kf1 Ke7 32. Ke2 e5 33. Ke3 exd4+
34. Rxd4 Rxc5 35. Rxe4+ Kf6 36. Kd3 Ra5 37. a4 b5 38. axb5 Rxb5 39. Rc4 Rb3+
40. Ke4 Rb2 41. Kf3 Rb3+ 42. Kf4 a5 43. Rc6+ Kf7 44. Ra6 Rb4+ 45. Kf5 Rb5+ 46.
Kf4 1/2-1/2

[Event "ESCC 2014 - 65+ Rapid"]
[Site "Porto POR"]
[Date "2014.03.20"]
[Round "8.8"]
[White "Tsifanskaya, Ludmila A"]
[Black "Tseitlin, Mark D"]
[Result "1-0"]
[WhiteElo "2106"]
[BlackElo "2353"]
[PlyCount "61"]
[EventDate "2014.??.??"]

1. Nf3 c5 2. g3 g6 3. Bg2 Bg7 4. O-O e6 5. c4 Ne7 6. d4 cxd4 7. Nxd4 O-O 8. Nc3
Nbc6 9. Ndb5 d5 10. cxd5 Nxd5 11. Nxd5 exd5 12. Qxd5 Qxd5 13. Bxd5 Be6 14. Bxe6
fxe6 15. Nc7 Rac8 16. Nxe6 Rfe8 17. Nxg7 Kxg7 18. Be3 Kf7 19. a3 b6 20. Rac1
Ke6 21. Rfd1 Re7 22. Bf4 Rd7 23. Rxd7 Kxd7 24. Kg2 h5 25. h4 Re8 26. e3 Ne5 27.
Bxe5 Rxe5 28. Rc4 a5 29. b4 b5 30. Rd4+ Kc6 31. bxa5 1-0

[Event "ESCC 2014 - 65+ Rapid"]
[Site "Porto POR"]
[Date "2014.03.20"]
[Round "8.9"]
[White "Santos, Amadeu Solha"]
[Black "Kozlovskaya, Valentina"]
[Result "0-1"]
[WhiteElo "1614"]
[BlackElo "2155"]
[PlyCount "66"]
[EventDate "2014.??.??"]

1. b3 d5 2. Bb2 c5 3. e3 Nc6 4. Bb5 Bd7 5. Nf3 e6 6. Qe2 Nf6 7. Ne5 Nxe5 8.
Bxe5 Be7 9. Bxd7+ Qxd7 10. Nc3 a6 11. g4 O-O 12. g5 Ne8 13. h4 f6 14. gxf6 Bxf6
15. f4 Nd6 16. Qg4 Bxe5 17. fxe5 Nf5 18. Rf1 Rf7 19. O-O-O Raf8 20. Rg1 Qc7 21.
e4 dxe4 22. Qxe4 b5 23. h5 c4 24. Kb2 Rd8 25. Qg4 Qxe5 26. Rge1 Qf6 27. Rg1 b4
28. Rde1 bxc3+ 29. dxc3 cxb3 30. axb3 Rc8 31. Qb4 Rfc7 32. Qa5 Rxc3 33. Re5
R3c5 0-1

[Event "ESCC 2014 - 65+ Rapid"]
[Site "Porto POR"]
[Date "2014.03.20"]
[Round "8.10"]
[White "Khmiadashvili, Tamar"]
[Black "Brandão, Álvaro"]
[Result "1-0"]
[WhiteElo "2026"]
[BlackElo "1601"]
[PlyCount "87"]
[EventDate "2014.??.??"]

1. e4 d5 2. exd5 Nf6 3. Nc3 Bg4 4. f3 Bf5 5. Bc4 Nbd7 6. d3 a6 7. Bg5 b5 8. Bb3
Nb6 9. Bxf6 exf6 10. Qe2+ Qe7 11. a3 O-O-O 12. Qxe7 Bxe7 13. Nge2 Bd6 14. Ne4
Rhe8 15. O-O-O Bf8 16. Nd4 Bg6 17. Nc6 Rxd5 18. Bxd5 Nxd5 19. Rhe1 Re6 20. Nd4
Rb6 21. Nb3 b4 22. a4 f5 23. Nec5 f6 24. d4 f4 25. Ne6 Bd6 26. Nbc5 Ne3 27. Rd2
Rc6 28. Ne4 Bxe4 29. fxe4 b3 30. c3 Rc4 31. Nxg7 Rxa4 32. Kb1 Nc4 33. Rde2 Ra2
34. Nf5 a5 35. e5 fxe5 36. dxe5 Bf8 37. e6 Bc5 38. e7 Bxe7 39. Nxe7+ Kd7 40.
Rd1+ Nd6 41. Nf5 a4 42. Nxd6 cxd6 43. Red2 a3 44. bxa3 1-0

[Event "ESCC 2014 - 65+ Rapid"]
[Site "Porto POR"]
[Date "2014.03.20"]
[Round "8.11"]
[White "Santos, Júlio"]
[Black "Sevenyuk, Alexey"]
[Result "0-1"]
[WhiteElo "1981"]
[BlackElo "1918"]
[PlyCount "102"]
[EventDate "2014.??.??"]

1. e4 c5 2. Nf3 d6 3. d4 cxd4 4. Nxd4 Nf6 5. Nc3 g6 6. Be2 Bg7 7. Be3 O-O 8.
O-O Nc6 9. Kh1 h5 10. f3 Nxd4 11. Bxd4 Be6 12. Qd2 Qc8 13. Nd1 Bc4 14. c3 Bxe2
15. Qxe2 Qc6 16. Ne3 Rac8 17. h3 b6 18. Qa6 e5 19. Nd5 Nxd5 20. exd5 Qxd5 21.
Be3 Rc7 22. Rfd1 Qc6 23. Rd2 d5 24. Rad1 Rd8 25. Bg5 Rdd7 26. a4 d4 27. cxd4
exd4 28. Bf4 Rc8 29. b4 Qc4 30. Qxc4 Rxc4 31. Rb1 d3 32. Be3 Bc3 33. Rdd1 Bxb4
34. Kg1 Bc5 35. Bxc5 bxc5 36. Rb3 d2 37. Kf2 Rxa4 38. Rb2 Rad4 39. Rb5 c4 40.
Rc5 R7d5 41. Rc8+ Kg7 42. g3 a5 43. f4 a4 44. Ke2 a3 45. h4 a2 46. Ra8 c3 47.
Rxa2 Rb4 48. Rc2 Rb3 49. Ra2 Rb2 50. Raa1 c2 51. Rxd2 c1=Q 0-1